Detalles MARC
| 000 -CABECERA |
| campo de control de longitud fija |
01170nam a2200241 a 4500 |
| 001 - NÚMERO DE CONTROL |
| campo de control |
000027481 |
| 005 - FECHA Y HORA DE LA ÚLTIMA TRANSACCIÓN |
| campo de control |
20200930030851.0 |
| 008 - DATOS DE LONGITUD FIJA--INFORMACIÓN GENERAL |
| campo de control de longitud fija |
100830s1999 dr acd 001 0 spa d |
| 040 ## - FUENTE DE LA CATALOGACIÓN |
| Centro catalogador/agencia de origen |
DO-SdBNP |
| Lengua de catalogación |
spa |
| Centro/agencia transcriptor |
BNPHU |
| 082 ## - NÚMERO DE LA CLASIFICACIÓN DECIMAL DEWEY |
| Número de clasificación |
xxxx |
| Número de documento/Ítem |
C823l |
| 049 ## - FONDOS LOCALES (OCLC) |
| Fondos de biblioteca |
BNPD |
| 100 1# - ENTRADA PRINCIPAL--NOMBRE DE PERSONA |
| Nombre de persona |
Corral, Julio |
| 9 (RLIN) |
54558 |
| 245 10 - MENCIÓN DE TÍTULO |
| Título |
Lineamientos de políticas de desarrollo urbano para la ciudad de Fernando de Montecristi / |
| Mención de responsabilidad, etc. |
Julio Corral, Rosa A. María , Miguel Martínez; prólogo Mercedes Sabater de Macarrulla. |
| 260 ## - PUBLICACIÓN, DISTRIBUCIÓN, ETC. |
| Lugar de publicación, distribución, etc. |
Santiago de los Caballeros, República Dominicana : |
| Nombre del editor, distribuidor, etc. |
Consejo Nacional de Asuntos Urbanos |
| -- |
Pontificia Universidad Católica Madre y Maestra : |
| -- |
Centro de Estudios Urbanos y Regionales, |
| Fecha de publicación, distribución, etc. |
1999. |
| 300 ## - DESCRIPCIÓN FÍSICA |
| Extensión |
230 p. : |
| Otras características físicas |
il., map., retrs. |
| 504 ## - NOTA DE BIBLIOGRAFÍA, ETC. |
| Nota de bibliografía, etc. |
Incluye bibliografía (p.191-194) |
| 700 1# - PUNTO DE ACCESO ADICIONAL--NOMBRE DE PERSONA |
| Nombre de persona |
María, Rosa |
| 9 (RLIN) |
54561 |
| 700 1# - PUNTO DE ACCESO ADICIONAL--NOMBRE DE PERSONA |
| Nombre de persona |
Martínez, Miguel |
| 9 (RLIN) |
32841 |
| 700 1# - PUNTO DE ACCESO ADICIONAL--NOMBRE DE PERSONA |
| Nombre de persona |
Sabater de Macarrulla, Mercedes |
| Término indicativo de función/relación |
pról. |
| 9 (RLIN) |
43939 |
| 710 1# - PUNTO DE ACCESO ADICIONAL--NOMBRE DE ENTIDAD CORPORATIVA |
| Nombre de entidad corporativa o nombre de jurisdicción como elemento de entrada |
República Dominicana. |
| Unidad subordinada |
Consejo Nacional de Asuntos Urbanos (CONAU) |
| 9 (RLIN) |
44076 |
| 710 1# - PUNTO DE ACCESO ADICIONAL--NOMBRE DE ENTIDAD CORPORATIVA |
| Nombre de entidad corporativa o nombre de jurisdicción como elemento de entrada |
República Dominicana |
| Unidad subordinada |
Pontificia Universidad Católica Madre y Maestra |
| 9 (RLIN) |
54562 |
| 710 1# - PUNTO DE ACCESO ADICIONAL--NOMBRE DE ENTIDAD CORPORATIVA |
| Nombre de entidad corporativa o nombre de jurisdicción como elemento de entrada |
Centro de Estudios Urbanos y Regionales |
| 9 (RLIN) |
14521 |